[Event "Niederbayernliga 0405"]
[Site "Germany"]
[Date "2005.??.??"]
[Round "6"]
[White "Brunner, Johann"]
[Black "Wist, Eugen"]
[Result "0-1"]
[WhiteElo "1107"]
[BlackElo "1563"]
[PlyCount "54"]
[EventDate "2004.??.??"]
[EventType "team"]
[EventRounds "9"]
[EventCountry "GER"]
[SourceTitle "EXT 2008"]
[Source "ChessBase"]
[SourceDate "2007.11.25"]
[SourceVersion "1"]
[SourceVersionDate "2007.11.25"]
[SourceQuality "1"]
[WhiteTeam "Freyung"]
[BlackTeam "Ergolding"]
[WhiteTeamCountry "GER"]
[BlackTeamCountry "GER"]

1. e4 e6 2. d4 d5 3. Nc3 Nf6 4. e5 Nfd7 5. Bd3 c5 6. Be3 Nc6 7. Bb5 a6 8. Bxc6 bxc6 9. Nf3 cxd4 10. Qxd4 c5 11. Qa4 d4 12. Bg5 Qc7 13. Ne4 Bb7 14. Ned2 Bc6 15. Qa3 c4 16. b4 c3 17. Nb3 Bxf3 18. Nxd4 Qxe5+ 19. Be3 Bxg2 20. Rg1 Qxh2 21. 0-0-0 a5 22. Qxc3 Bxb4 23. Qd3 0-0 24. Ne2 Ne5 25. Qd4 Ba3+ 26. Kb1 Rab8+ 27. Qb2 Rxb2+ 0-1